[Event "Biel Master Tournament 2019"]
[Site "Biel"]
[Date "2019.07.25"]
[Round "4.15"]
[White "Lalith Babu M R"]
[Black "Morawietz, Dieter"]
[Result "0-1"]
[WhiteElo "2580"]
[BlackElo "2405"]
[Annotator "TA"]
[PlyCount "84"]
[EventDate "2019.07.20"]
[EventType "swiss"]
[EventCountry "SUI"]
[SourceTitle "playchess.com"]
[Source "ChessBase"]
[SourceQuality "1"]

{[%evp 15,84,0,0,0,3,0,0,0,8,7,9,0,74,66,116,97,134,105,101,99,119,100,89,81,179,137,137,135,113,127,122,127,131,131,106,125,149,105,112,106,106,106,110,106,102,114,102,31,27,0,0,0,6,0,0,-46,-20,-17,0,-748,-718,-881,-858,-29987,-29988,-29996,-29997,-29997,-29998,-29998,-29999]} 1. d4 Nf6 2. c4 e6 3. Nc3 Bb4 4. e3 b6 5. Bd2 Bb7 6. Nf3 O-O 7. Bd3 d5 8. cxd5 exd5 9. Rc1 {E52: Nimzo-Indian: Rubinstein: 4...0-0 5 Nf3 d5 6 Bd3 b6} a6 10. O-O Nbd7 11. Ne5 {The position is equal.} Nxe5 12. dxe5 Nd7 13. f4 {[#]} Re8 $146 (13... Nc5 $11 14. Bc2 d4) ({Predecessor:} 13... Nc5 14. Bb1 d4 15. Ne2 Qd5 16. Rf2 Bxd2 17. Qxd2 {1-0 (40) Yu,Y (2764)-Vaibhav,S (2590) Caleta 2019}) 14. Bb1 $16 Nf8 15. a3 Be7 16. Ne2 {[%cal Bc3e2,Be2g3,Bg3f5][%mdl 32]} c5 17. Ng3 $1 Ng6 18. Bc3 Bf8 19. Rf2 Qd7 (19... Rc8 $16 {was necessary.}) 20. Nf5 Rad8 21. h4 d4 22. exd4 cxd4 {[#]} 23. Bb4 $1 d3 24. Nd6 $1 Bxd6 25. Bxd6 {Rc7 is the strong threat.} Be4 26. Bxd3 Bxd3 27. Qxd3 Qg4 28. g3 f6 {[%cal Rf6e5]} 29. Qb3+ Kh8 30. Bc7 Rc8 {[#]} 31. exf6 (31. Qf3 $1 $16 {[%cal Rf3g4]} Qh3 32. Rc3) 31... gxf6 $14 32. f5 Nxh4 33. Qd3 Qg5 34. Rf4 {And now Rc3 would win.} Nxf5 35. Rfc4 {Hoping for Bf4.} Re3 {[#]} 36. Bf4 $1 {[%mdl 512]} Rxc4 $40 {[%mdl 128] Black is up to no good.} 37. Qd8+ $2 {[%mdl 8192] [#]} (37. Qxc4 $11 Rxg3+ 38. Bxg3 Qxg3+ 39. Kh1 Qf3+ 40. Kg1) 37... Kg7 $1 $19 38. Rxc4 Rxg3+ 39. Kf2 Rg2+ {Black mates.} 40. Kf3 Qg4+ 41. Ke4 Re2+ 42. Kd5 Qf3+ {Accuracy: White = 72%, Black = 75%.} 0-1

[Event "Biel Master Tournament 2019"]
[Site "Biel"]
[Date "2019.07.25"]
[Round "4.16"]
[White "Sukandar, Irine Kharisma"]
[Black "Moussard, Jules"]
[Result "1/2-1/2"]
[WhiteElo "2396"]
[BlackElo "2576"]
[Annotator "ChessBase"]
[PlyCount "92"]
[EventDate "2019.07.20"]
[EventType "swiss"]
[EventCountry "SUI"]
[SourceTitle "playchess.com"]
[Source "ChessBase"]
[SourceQuality "1"]
[TimeControl "40/5400+30:1800+30"]

1. e4 {[%emt 0:04:21]} c5 {[%emt 0:00:00]} 2. Nf3 {[%emt 0:00:29]} d6 {[%emt 0:00:29]} 3. d4 {[%emt 0:00:31]} cxd4 {[%emt 0:00:00]} 4. Qxd4 {[%emt 0:01:35]} a6 {[%emt 0:00:49]} 5. h3 {[%emt 0:00:00]} Nf6 {[%emt 0:00:12]} 6. Be2 {[%emt 0:00:30]} e6 {[%emt 0:01:57]} 7. c4 {[%emt 0:02:22]} Be7 {[%emt 0:00:36]} 8. Nc3 {[%emt 0:00:30]} Qc7 {[%emt 0:01:21]} 9. Be3 {[%emt 0:00:39]} Nbd7 {[%emt 0:00:19]} 10. O-O {[%emt 0:00:33]} b6 {[%emt 0:00:26]} 11. b4 {[%emt 0:04:52]} Bb7 {[%emt 0:01:22]} 12. Nd2 {[%emt 0:07:23]} O-O {[%emt 0:03:21]} 13. Nb3 {[%emt 0:02:25]} Rfd8 {[%emt 0:03:30]} 14. Rac1 {[%emt 0:02:21]} Rac8 {[%emt 0:05:19]} 15. f3 {[%emt 0:08:31]} Nh5 {[%emt 0:06:29]} 16. Bf2 {[%emt 0:17:42]} Nf4 {[%emt 0:01:28]} 17. Bd1 {[%emt 0:00:26]} Bg5 {[%emt 0:08:21]} 18. Be3 {[%emt 0:05:03]} Ne5 {[%emt 0:28:59]} 19. Ne2 {[%emt 0:18:39]} Ned3 {[%emt 0:01:33]} 20. Bxf4 {[%emt 0:04:52]} Nxf4 {[%emt 0:00:25]} 21. Nxf4 {[%emt 0:00:14]} Bxf4 {[%emt 0:00:09]} 22. Rc2 {[%emt 0:00:09]} a5 {[%emt 0:04:30]} 23. a3 {[%emt 0:01:01]} axb4 {[%emt 0:00:05]} 24. axb4 {[%emt 0:00:05]} Ra8 {[%emt 0:00:17]} 25. Nc1 {[%emt 0:02:58]} Ra3 {[%emt 0:02:40]} 26. Kh1 {[%emt 0:00:39]} Rda8 {[%emt 0:01:38]} 27. Be2 {[%emt 0:00:35]} Be3 {[%emt 0:01:02]} 28. Qb2 {[%emt 0:03:06]} Qe7 {[%emt 0:03:10]} 29. Rc3 {[%emt 0:02:36]} Rxc3 {[%emt 0:01:04]} 30. Qxc3 {[%emt 0:00:04]} Qg5 {[%emt 0:00:29]} 31. Nd3 {[%emt 0:02:05]} e5 {[%emt 0:02:51]} 32. Ra1 {[%emt 0:01:25]} Rc8 {[%emt 0:00:04]} 33. Ra7 {[%emt 0:00:43]} Bc6 {[%emt 0:00:05]} 34. b5 {[%emt 0:00:38]} Be8 {[%emt 0:00:58]} 35. Qa3 {[%emt 0:02:00]} Qh6 {[%emt 0:05:54]} 36. Ra8 {[%emt 0:00:34]} Rxa8 {[%emt 0:00:09]} 37. Qxa8 {[%emt 0:00:01]} Kf8 {[%emt 0:00:06]} 38. Qd8 {[%emt 0:03:08]} Bd4 {[%emt 0:04:49]} 39. Kh2 {[%emt 0:00:19]} Qe3 {[%emt 0:08:08]} 40. Qxd6+ {[%emt 0:01:30]} Kg8 {[%emt 0:00:10]} 41. Qe7 {[%emt 0:30:54]} h5 {[%emt 0:13:52]} 42. Qxe8+ {[%emt 0:00:00]} Kh7 {[%emt 0:00:01]} 43. Qxf7 {[%emt 0:00:00]} h4 {[%emt 0:00:15]} 44. Qh5+ {[%emt 0:00:00]} Kg8 {[%emt 0:00:01]} 45. Qe8+ {[%emt 0:01:46]} Kh7 {[%emt 0:00:01]} 46. Qh5+ {[%emt 0:00:06]} Kg8 {[%emt 0:00:00]} 1/2-1/2

[Event "Biel Master Tournament 2019"]
[Site "Biel"]
[Date "2019.07.25"]
[Round "4.17"]
[White "Aryan, Chopra"]
[Black "Lee, Jun Hyeok"]
[Result "1-0"]
[WhiteElo "2553"]
[BlackElo "2383"]
[Annotator "ChessBase"]
[PlyCount "87"]
[EventDate "2019.07.20"]
[EventType "swiss"]
[EventCountry "SUI"]
[SourceTitle "playchess.com"]
[Source "ChessBase"]
[SourceQuality "1"]
[TimeControl "40/5400+30:1800+30"]

1. e4 {[%emt 0:00:00]} e6 {[%emt 0:00:00]} 2. d4 {[%emt 0:00:00]} d5 {[%emt 0:00:00]} 3. Nc3 {[%emt 0:00:00]} Nf6 {[%emt 0:00:00]} 4. e5 {[%emt 0:00:05]} Nfd7 {[%emt 0:00:00]} 5. f4 {[%emt 0:00:07]} c5 {[%emt 0:00:09]} 6. Nce2 {[%emt 0:00:05]} Nc6 {[%emt 0:00:16]} 7. Nf3 {[%emt 0:00:08]} b5 {[%emt 0:02:35]} 8. a3 {[%emt 0:15:49]} a5 {[%emt 0:02:26]} 9. c3 {[%emt 0:06:43]} a4 {[%emt 0:27:16]} 10. f5 {[%emt 0:07:35]} Nb6 {[%emt 0:16:05]} 11. fxe6 {[%emt 0:08:30]} Bxe6 {[%emt 0:00:28]} 12. dxc5 {[%emt 0:01:39]} Bxc5 {[%emt 0:01:27]} 13. Ned4 {[%emt 0:00:48]} Bxd4 {[%emt 0:04:25]} 14. Bxb5 {[%emt 0:02:53]} Bxc3+ {[%emt 0:00:55]} 15. bxc3 {[%emt 0:00:07]} Qc7 {[%emt 0:02:28]} 16. Nd4 {[%emt 0:07:20]} Bd7 {[%emt 0:02:36]} 17. Bxc6 {[%emt 0:03:48]} Bxc6 {[%emt 0:00:01]} 18. O-O {[%emt 0:01:58]} Bd7 {[%emt 0:02:47]} 19. e6 {[%emt 0:08:42]} Bxe6 {[%emt 0:01:15]} 20. Nxe6 {[%emt 0:03:06]} fxe6 {[%emt 0:00:02]} 21. Qh5+ {[%emt 0:12:38]} g6 {[%emt 0:00:48]} 22. Qh4 {[%emt 0:04:27]} Rf8 {[%emt 0:06:51]} 23. Rxf8+ {[%emt 0:05:28]} Kxf8 {[%emt 0:00:01]} 24. Qf6+ {[%emt 0:00:31]} Qf7 {[%emt 0:01:35]} 25. Qh8+ {[%emt 0:03:07]} Ke7 {[%emt 0:00:42]} 26. Qd4 {[%emt 0:00:06]} Nc4 {[%emt 0:02:28]} 27. Qc5+ {[%emt 0:00:42]} Kf6 {[%emt 0:01:48]} 28. Qd4+ {[%emt 0:02:50]} e5 {[%emt 0:01:46]} 29. Qh4+ {[%emt 0:00:01]} Ke6 {[%emt 0:02:35]} 30. Bh6 {[%emt 0:00:09]} g5 {[%emt 0:01:14]} 31. Bxg5 {[%emt 0:00:59]} Rf8 {[%emt 0:01:33]} 32. Qh6+ {[%emt 0:02:00]} Kd7 {[%emt 0:00:48]} 33. h3 {[%emt 0:00:09]} Rg8 {[%emt 0:06:00]} 34. Rd1 {[%emt 0:01:06]} e4 {[%emt 0:06:46]} 35. Kh1 {[%emt 0:01:37]} Qf5 {[%emt 0:03:44]} 36. h4 {[%emt 0:01:10]} Nd6 {[%emt 0:01:50]} 37. c4 {[%emt 0:00:42]} Nxc4 {[%emt 0:01:12]} 38. Qa6 {[%emt 0:00:25]} Nd6 {[%emt 0:00:34]} 39. Qa7+ {[%emt 0:00:21]} Kc6 {[%emt 0:00:33]} 40. Qxa4+ {[%emt 0:00:56]} Kc7 {[%emt 0:01:08]} 41. Rc1+ {[%emt 0:05:25]} Kb8 {[%emt 0:00:01]} 42. Rb1+ {[%emt 0:01:26]} Nb7 {[%emt 0:01:34]} 43. Qc6 {[%emt 0:00:10]} Rg7 {[%emt 0:00:28]} 44. Qe8+ {[%emt 0:03:20]} 1-0

[Event "Biel Master Tournament 2019"]
[Site "Biel"]
[Date "2019.07.25"]
[Round "4.18"]
[White "Sachdev, Tania"]
[Black "Epishin, Vladimir"]
[Result "1/2-1/2"]
[WhiteElo "2350"]
[BlackElo "2549"]
[Annotator "ChessBase"]
[PlyCount "50"]
[EventDate "2019.07.20"]
[EventType "swiss"]
[EventCountry "SUI"]
[SourceTitle "playchess.com"]
[Source "ChessBase"]
[SourceQuality "1"]
[TimeControl "40/5400+30:1800+30"]

1. d4 {[%emt 0:03:01]} Nf6 {[%emt 0:00:22]} 2. c4 {[%emt 0:00:05]} d6 {[%emt 0:00:36]} 3. Nc3 {[%emt 0:00:24]} Bf5 {[%emt 0:00:05]} 4. f3 {[%emt 0:02:43]} e5 {[%emt 0:00:25]} 5. e4 {[%emt 0:01:04]} Bd7 {[%emt 0:00:10]} 6. Nge2 {[%emt 0:01:12]} Be7 {[%emt 0:00:08]} 7. Be3 {[%emt 0:00:13]} c6 {[%emt 0:00:56]} 8. Qd2 {[%emt 0:04:02]} O-O {[%emt 0:01:36]} 9. g4 {[%emt 0:07:52]} b5 {[%emt 0:00:27]} 10. Ng3 {[%emt 0:00:48]} bxc4 {[%emt 0:05:24]} 11. O-O-O {[%emt 0:03:30]} exd4 {[%emt 0:02:20]} 12. Bxd4 {[%emt 0:02:05]} Be6 {[%emt 0:00:13]} 13. Nf5 {[%emt 0:04:54]} Ne8 {[%emt 0:00:05]} 14. f4 {[%emt 0:05:51]} f6 {[%emt 0:00:30]} 15. h4 {[%emt 0:09:50]} Nd7 {[%emt 0:03:18]} 16. g5 {[%emt 0:02:19]} Bxf5 {[%emt 0:05:23]} 17. exf5 {[%emt 0:00:44]} d5 {[%emt 0:00:16]} 18. Re1 {[%emt 0:20:58]} Bc5 {[%emt 0:09:37]} 19. Re6 {[%emt 0:05:05]} Rc8 {[%emt 0:04:00]} 20. Bh3 {[%emt 0:04:15]} Bxd4 {[%emt 0:18:41]} 21. Qxd4 {[%emt 0:00:02]} Nb6 {[%emt 0:00:10]} 22. Qc5 {[%emt 0:06:00]} Qc7 {[%emt 0:13:13]} 23. Qe3 {[%emt 0:01:38]} Qd8 {[%emt 0:04:17]} 24. Qc5 {[%emt 0:01:05]} Qc7 {[%emt 0:08:28]} 25. Qe3 {[%emt 0:00:06]} Qd8 {[%emt 0:02:00]} 1/2-1/2

[Event "Biel Master Tournament 2019"]
[Site "Biel"]
[Date "2019.07.25"]
[Round "4.19"]
[White "Bellahcene, Bilel"]
[Black "Loeffler, Markus"]
[Result "0-1"]
[WhiteElo "2541"]
[BlackElo "2339"]
[Annotator "ChessBase"]
[PlyCount "80"]
[EventDate "2019.07.20"]
[EventType "swiss"]
[EventCountry "SUI"]
[SourceTitle "playchess.com"]
[Source "ChessBase"]
[SourceQuality "1"]
[TimeControl "40/5400+30:1800+30"]

1. e4 {[%emt 0:01:27]} c5 {[%emt 0:00:46]} 2. Nf3 {[%emt 0:00:02]} d6 {[%emt 0:00:08]} 3. d4 {[%emt 0:00:04]} cxd4 {[%emt 0:00:04]} 4. Nxd4 {[%emt 0:00:03]} Nf6 {[%emt 0:00:08]} 5. Nc3 {[%emt 0:00:02]} a6 {[%emt 0:00:05]} 6. Bg5 {[%emt 0:00:04]} Nbd7 {[%emt 0:00:22]} 7. Bc4 {[%emt 0:01:41]} Qb6 {[%emt 0:00:18]} 8. Bb3 {[%emt 0:00:27]} e6 {[%emt 0:03:26]} 9. Qd2 {[%emt 0:00:37]} Nc5 {[%emt 0:01:55]} 10. f3 {[%emt 0:00:42]} Be7 {[%emt 0:00:34]} 11. O-O-O {[%emt 0:00:35]} Bd7 {[%emt 0:00:47]} 12. g4 {[%emt 0:02:11]} Qc7 {[%emt 0:00:42]} 13. h4 {[%emt 0:18:57]} b5 {[%emt 0:00:14]} 14. a3 {[%emt 0:00:40]} Qb6 {[%emt 0:07:18]} 15. Kb1 {[%emt 0:09:11]} a5 {[%emt 0:01:39]} 16. Bxf6 {[%emt 0:01:22]} Bxf6 {[%emt 0:05:41]} 17. g5 {[%emt 0:00:26]} Be7 {[%emt 0:00:24]} 18. Nd5 {[%emt 0:09:02]} exd5 {[%emt 0:02:37]} 19. Bxd5 {[%emt 0:00:21]} O-O {[%emt 0:20:52]} 20. Bxa8 {[%emt 0:18:48]} Rxa8 {[%emt 0:00:12]} 21. c3 {[%emt 0:01:42]} Rb8 {[%emt 0:19:39]} 22. Nc2 {[%emt 0:01:03]} Be6 {[%emt 0:05:55]} 23. Qd4 {[%emt 0:04:16]} Qb7 {[%emt 0:11:48]} 24. Rh2 {[%emt 0:04:40]} Bb3 {[%emt 0:00:50]} 25. Rc1 {[%emt 0:00:21]} Bc4 {[%emt 0:01:32]} 26. Rd1 {[%emt 0:01:41]} Qc8 {[%emt 0:02:21]} 27. Qe3 {[%emt 0:04:44]} Bf8 {[%emt 0:01:59]} 28. h5 {[%emt 0:01:03]} Bb3 {[%emt 0:03:05]} 29. Rg1 {[%emt 0:03:01]} Bxc2+ {[%emt 0:00:13]} 30. Rxc2 {[%emt 0:00:09]} b4 {[%emt 0:00:33]} 31. cxb4 {[%emt 0:06:28]} axb4 {[%emt 0:00:07]} 32. g6 {[%emt 0:02:51]} Qe6 {[%emt 0:01:49]} 33. gxh7+ {[%emt 0:04:12]} Kxh7 {[%emt 0:00:03]} 34. Rd2 {[%emt 0:03:08]} bxa3 {[%emt 0:01:59]} 35. Qxa3 {[%emt 0:00:02]} Be7 {[%emt 0:01:45]} 36. Rgg2 {[%emt 0:01:25]} Rb3 {[%emt 0:00:32]} 37. Qa8 {[%emt 0:00:26]} Rxf3 {[%emt 0:00:38]} 38. Rxg7+ {[%emt 0:00:34]} Kxg7 {[%emt 0:00:51]} 39. Rg2+ {[%emt 0:00:24]} Bg5 {[%emt 0:01:29]} 40. Rxg5+ {[%emt 0:00:24]} Kh6 {[%emt 0:02:44]} 0-1

[Event "Biel Master Tournament 2019"]
[Site "Biel"]
[Date "2019.07.25"]
[Round "4.20"]
[White "Akash, Ganesan"]
[Black "Shchekachev, Andrei"]
[Result "0-1"]
[WhiteElo "2394"]
[BlackElo "2531"]
[Annotator "ChessBase"]
[PlyCount "74"]
[EventDate "2019.07.20"]
[EventType "swiss"]
[EventCountry "SUI"]
[SourceTitle "playchess.com"]
[Source "ChessBase"]
[SourceQuality "1"]
[TimeControl "40/5400+30:1800+30"]

1. e4 {[%emt 0:00:00]} c5 {[%emt 0:04:35]} 2. Nf3 {[%emt 0:00:00]} e6 {[%emt 0:00:12]} 3. d4 {[%emt 0:00:00]} cxd4 {[%emt 0:00:07]} 4. Nxd4 {[%emt 0:00:00]} Nc6 {[%emt 0:00:10]} 5. Nc3 {[%emt 0:00:05]} d6 {[%emt 0:01:18]} 6. Be3 {[%emt 0:01:39]} Nf6 {[%emt 0:02:13]} 7. Bc4 {[%emt 0:01:26]} a6 {[%emt 0:10:17]} 8. Qe2 {[%emt 0:01:17]} Na5 {[%emt 0:01:59]} 9. Bb3 {[%emt 0:08:11]} b5 {[%emt 0:01:41]} 10. O-O-O {[%emt 0:01:16]} Qc7 {[%emt 0:06:57]} 11. g4 {[%emt 0:04:42]} Nxb3+ {[%emt 0:22:53]} 12. axb3 {[%emt 0:00:55]} Bb7 {[%emt 0:00:03]} 13. f3 {[%emt 0:08:39]} Rc8 {[%emt 0:04:04]} 14. Kb1 {[%emt 0:05:51]} Nd7 {[%emt 0:04:40]} 15. g5 {[%emt 0:07:45]} Nc5 {[%emt 0:05:22]} 16. h4 {[%emt 0:09:04]} b4 {[%emt 0:02:37]} 17. Na4 {[%emt 0:01:42]} e5 {[%emt 0:08:40]} 18. Nxc5 {[%emt 0:12:05]} dxc5 {[%emt 0:01:42]} 19. Nf5 {[%emt 0:00:21]} g6 {[%emt 0:00:02]} 20. Ng3 {[%emt 0:02:39]} c4 {[%emt 0:01:01]} 21. h5 {[%emt 0:07:01]} Be7 {[%emt 0:03:26]} 22. Rh2 {[%emt 0:02:30]} Rf8 {[%emt 0:01:46]} 23. hxg6 {[%emt 0:02:20]} hxg6 {[%emt 0:00:02]} 24. Qf1 {[%emt 0:02:10]} cxb3 {[%emt 0:02:02]} 25. cxb3 {[%emt 0:00:07]} Qc6 {[%emt 0:00:05]} 26. f4 {[%emt 0:04:25]} exf4 {[%emt 0:06:41]} 27. Qxf4 {[%emt 0:00:19]} Qe6 {[%emt 0:00:06]} 28. Ka2 {[%emt 0:03:17]} a5 {[%emt 0:01:54]} 29. Rhd2 {[%emt 0:12:31]} a4 {[%emt 0:00:14]} 30. Kb1 {[%emt 0:01:13]} f6 {[%emt 0:05:07]} 31. gxf6 {[%emt 0:01:03]} Rxf6 {[%emt 0:00:10]} 32. Qh6 {[%emt 0:00:51]} Bxe4+ {[%emt 0:01:29]} 33. Nxe4 {[%emt 0:00:06]} Qxe4+ {[%emt 0:00:03]} 34. Rd3 {[%emt 0:00:51]} Rf1 {[%emt 0:01:36]} 35. Qh8+ {[%emt 0:00:29]} Bf8 {[%emt 0:00:02]} 36. Ka1 {[%emt 0:00:34]} Qxd3 {[%emt 0:00:33]} 37. Qe5+ {[%emt 0:00:04]} Kf7 {[%emt 0:00:23]} 0-1

[Event "Biel Master Tournament 2019"]
[Site "Biel"]
[Date "2019.07.26"]
[Round "5.1"]
[White "Erdos, Viktor"]
[Black "Xiong, Jeffery"]
[Result "1/2-1/2"]
[WhiteElo "2603"]
[BlackElo "2691"]
[Annotator "TA"]
[PlyCount "39"]
[EventDate "2019.07.20"]
[EventType "swiss"]
[EventCountry "SUI"]
[SourceTitle "playchess.com"]
[Source "ChessBase"]
[SourceQuality "1"]

{[%evp 16,39,8,2,15,13,6,13,18,24,25,21,12,12,12,14,25,14,15,13,8,4,0,0,3,0]} 1. Nf3 c5 2. c4 Nf6 3. Nc3 d5 4. cxd5 Nxd5 5. d4 Nxc3 6. bxc3 g6 7. e4 Bg7 8. h3 O-O 9. Be2 b5 {D85: Exchange Grünfeld: Unusual White 7th moves and lines with 7 Nf3} (9... Nc6 10. Be3 cxd4 11. cxd4 f5 12. Bc4+ Kh8 13. O-O f4 14. Bc1 Nxd4 15. Ba3 Qa5 16. Bxe7 Re8 17. Bd6 Rxe4 18. Rc1 {0-1 (79) Van Foreest,J (2618)-Vachier Lagrave,M (2780) La Roche sur Yon 2019}) 10. Be3 ({Don't play} 10. Bxb5 Qa5 $17) 10... Bb7 11. Qd3 b4 $146 ({Predecessor:} 11... cxd4 12. cxd4 Nd7 13. O-O Nb6 14. Nd2 a6 15. Rac1 e6 16. h4 Qd6 17. Bf3 {½-½ (64) Cheng,B (2496)-Izzat,K (2484) Gold Coast 2018}) 12. cxb4 cxd4 13. Bxd4 Bxd4 14. Qxd4 Qxd4 15. Nxd4 Rd8 16. Rd1 Bxe4 {The position is equal.} 17. O-O e5 18. Bf3 Bxf3 19. Nxf3 Nc6 20. b5 1/2-1/2

[Event "Biel Master Tournament 2019"]
[Site "Biel"]
[Date "2019.07.26"]
[Round "5.2"]
[White "Petrosyan, Manuel"]
[Black "Kamsky, Gata"]
[Result "1/2-1/2"]
[WhiteElo "2592"]
[BlackElo "2673"]
[Annotator "TA"]
[PlyCount "86"]
[EventDate "2019.07.20"]
[EventType "swiss"]
[EventCountry "SUI"]
[SourceTitle "playchess.com"]
[Source "ChessBase"]
[SourceQuality "1"]

{[%evp 16,86,63,37,35,50,79,27,38,29,54,39,29,37,33,37,56,28,75,74,72,58,80,60,60,58,53,53,51,64,61,13,20,14,20,20,27,0,0,0,0,0,0,0,0,0,0,-4,0,-4,0,0,0,0,0,0,0,0,0,0,0,0,0,0,0,0,0,0,0,0,0,0,0]} 1. Nf3 Nf6 2. c4 g6 3. Nc3 Bg7 4. e4 d6 5. d4 O-O 6. Be2 e5 7. O-O Na6 8. Be3 c6 9. Qc2 Ng4 {E94: King's Indian: Classical: 6 Be2 e5 7 0-0: Various Black 7th moves} 10. Bg5 Qe8 11. dxe5 (11. d5 $16) 11... h6 $146 {White has an edge.} ({Predecessor:} 11... Nxe5 12. Rad1 Be6 13. b3 h6 14. Be3 Qe7 15. Nd4 Ng4 16. Bxg4 Bxg4 17. f3 {½-½ (41) Grandelius,N (2646)-Kavutskiy,K (2369) Reykjavik 2016}) 12. Bd2 Nxe5 13. Rad1 f5 14. Nxe5 dxe5 15. exf5 Bxf5 16. Qc1 Kh7 17. Be3 Qe7 18. g4 Be6 19. Ne4 Rad8 20. Rxd8 Rxd8 21. Rd1 b6 22. Rxd8 Qxd8 23. Qd2 Qxd2 24. Bxd2 c5 25. f3 Nb4 26. Bxb4 (26. a3 {keeps more tension.} Nc6 27. Kf2 Bf8 28. Nf6+ Kg7 29. Ne8+) 26... cxb4 {[%mdl 4096] Endgame KBB-KBN. The position is equal.} 27. b3 Bf8 28. Kf2 Kg7 29. Bd3 Bd7 30. h3 Be7 31. Ke2 a5 32. Bc2 h5 33. Ke3 Kh6 34. Ke2 Kg7 35. Ke3 Kf7 36. Ke2 Bc6 37. Ke3 h4 38. Ke2 b5 39. cxb5 Bxb5+ 40. Bd3 Bd7 41. Bc4+ Kg7 42. Kd3 a4 43. Ke2 Bc6 {Accuracy: White = 77%, Black = 80%.} 1/2-1/2

[Event "Biel Master Tournament 2019"]
[Site "Biel"]
[Date "2019.07.26"]
[Round "5.3"]
[White "Salem, A.R. Saleh"]
[Black "Brkic, Ante"]
[Result "0-1"]
[WhiteElo "2672"]
[BlackElo "2573"]
[Annotator "TA"]
[PlyCount "67"]
[EventDate "2019.07.20"]
[EventType "swiss"]
[EventCountry "SUI"]
[SourceTitle "playchess.com"]
[Source "ChessBase"]
[SourceQuality "1"]

{[%evp 19,67,27,44,0,-8,0,0,-12,9,-7,-8,-8,46,12,18,0,31,7,7,-16,-15,-12,-12,-43,-43,-63,-73,-72,-88,-89,-87,-179,-175,-248,-171,-170,-161,-160,-168,-672,-687,-677,-667,-681,-693,-758,-697,-676,-674,-619]} 1. e4 e5 2. Nf3 Nc6 3. Bb5 a6 4. Ba4 Nf6 5. d3 d6 6. c3 g6 7. O-O Bg7 8. Re1 O-O 9. Nbd2 Nd7 10. Nf1 Nc5 11. Bxc6 {C77: Ruy Lopez: 3...a6 4 Ba4 Nf6, unusual lines} (11. Bc2 $14) 11... bxc6 $11 12. d4 Ne6 (12... exd4 13. cxd4 Ne6 14. Ng3 c5 15. dxc5 Nxc5 16. Bg5 Qe8 17. Qd2 Bg4 18. Bh6 Bxf3 19. Bxg7 Kxg7 20. gxf3 {1-0 (52) Anand,V (2759)-Caruana,F (2816) Leuven 2018}) 13. Be3 $146 {The position is equal.} ({Predecessor:} 13. dxe5 dxe5 14. Qa4 Qe8 15. Ng5 c5 16. Qxe8 Rxe8 17. Nxe6 Bxe6 18. c4 Bxc4 {½-½ (73) Wen,Y (2604)-Adhiban,B (2695) Makati 2018}) 13... Rb8 14. Rb1 f5 15. exf5 e4 (15... gxf5 $11 16. dxe5 dxe5) 16. fxe6 exf3 17. d5 cxd5 {Hoping for ...fxg2.} 18. Ba7 Qg5 $36 {[%csl Gf3][%cal Rg5g2][%mdl 2048] Black is more active.} 19. Ng3 Rb7 20. e7 Re8 21. Bd4 fxg2 {[#]} 22. Qa4 $1 {[%mdl 512]} Rb5 23. Bxg7 Kxg7 24. Re3 Qf6 25. Rbe1 {[#]} (25. Ne4 $17 dxe4 26. c4 Rxe7 27. cxb5) 25... Rxb2 $1 $19 {[%csl Gb2][%cal Rf6f2][%mdl 512]} 26. f4 (26. f3 $142 Kf7 27. Qa3) 26... Rb5 {[%cal Bb2b5,Bb5c5,Bc5c3][%mdl 32]} 27. Qd1 Rc5 28. f5 {Threatens to win with Nh5+!} Rxc3 29. Re6 $2 (29. R3e2) 29... Bxe6 {Black is clearly winning.} 30. Rxe6 Qh4 {aiming for ...Rxg3.} 31. f6+ Kf7 {Strongly threatening ...Rxg3.} 32. Rxd6 {[%cal Rd1d5]} Rc1 33. Qxc1 cxd6 34. Qc6 {Accuracy: White = 31%, Black = 74%.} 0-1

[Event "Biel Master Tournament 2019"]
[Site "Biel"]
[Date "2019.07.26"]
[Round "5.4"]
[White "Donchenko, Alexander"]
[Black "Gukesh D"]
[Result "1-0"]
[WhiteElo "2615"]
[BlackElo "2520"]
[Annotator "RC"]
[PlyCount "83"]
[EventDate "2019.07.20"]
[EventType "swiss"]
[EventCountry "SUI"]
[SourceTitle "playchess.com"]
[Source "ChessBase"]
[SourceQuality "1"]
[TimeControl "40/5400+30:1800+30"]

1. c4 {[%emt 0:00:00]} c5 {[%emt 0:00:11]} 2. Nf3 {[%emt 0:00:00]} g6 {[%emt 0:01:01]} 3. d4 {[%emt 0:00:47]} cxd4 {[%emt 0:00:33]} 4. Nxd4 {[%emt 0:00:07]} Bg7 {[%emt 0:00:08]} 5. e4 {[%emt 0:00:36]} Nc6 {[%emt 0:03:02]} 6. Be3 {[%emt 0:00:36]} Nf6 {[%emt 0:02:39]} 7. Nc3 {[%emt 0:00:24]} d6 {[%emt 0:01:29]} 8. Be2 {[%emt 0:01:18]} O-O {[%emt 0:01:58]} 9. O-O {[%emt 0:00:21]} Nxd4 {[%emt 0:06:45]} 10. Bxd4 {[%emt 0:00:28]} Bd7 {[%emt 0:00:05]} 11. h3 {[%emt 0:06:12]} Bc6 {[%emt 0:01:59]} 12. Qc2 {[%emt 0:02:56]} a5 {[%emt 0:12:38]} 13. Rad1 {[%emt 0:03:58]} Nd7 {[%emt 0:01:01]} 14. Bxg7 {[%emt 0:00:17]} Kxg7 {[%emt 0:00:08]} 15. Bg4 {[%emt 0:00:04]} Ne5 {[%emt 0:21:49]} 16. c5 {[%emt 0:01:03]} b5 {[%emt 0:06:23]} 17. cxd6 {[%emt 0:16:27]} exd6 {[%emt 0:00:30]} 18. b3 {[%emt 0:13:23]} Qb6 {[%emt 0:11:30]} 19. Rxd6 {[%emt 0:04:45]} Qc5 {[%emt 0:03:11]} 20. Rd2 {[%emt 0:00:35]} b4 {[%emt 0:07:46]} 21. Nd5 {[%emt 0:00:26]} Qxc2 {[%emt 0:00:11]} 22. Rxc2 {[%emt 0:00:06]} Rfd8 {[%emt 0:02:59]} 23. Be2 {[%emt 0:04:41]} Bxd5 {[%emt 0:03:45]} 24. exd5 {[%emt 0:00:19]} Rac8 {[%emt 0:04:10]} 25. Rxc8 {[%emt 0:05:18]} Rxc8 {[%emt 0:00:01]} 26. Rd1 {[%emt 0:03:49]} Kf6 {[%emt 0:02:42]} 27. f4 {[%emt 0:05:49]} Nd7 {[%emt 0:00:04]} 28. d6 {[%emt 0:00:14]} Rd8 {[%emt 0:02:11]} 29. Bb5 {[%emt 0:07:44]} Nc5 {[%emt 0:01:58]} 30. d7 {[%emt 0:04:10]} Ke7 {[%emt 0:01:29]} 31. Re1+ {[%emt 0:00:32]} Ne6 {[%emt 0:00:42]} 32. Kf2 {[%emt 0:01:25]} Kd6 {[%emt 0:00:13]} 33. g3 {[%emt 0:02:52]} Kc5 {[%emt 0:00:38]} 34. Ba4 {[%emt 0:01:18]} Kd6 {[%emt 0:00:14]} 35. Rd1+ {[%emt 0:00:29]} Ke7 {[%emt 0:00:25]} 36. Rd5 {[%emt 0:00:54]} Ra8 {[%emt 0:00:20]} 37. Ke3 {[%emt 0:03:51]} Kd8 {[%emt 0:00:04]} 38. g4 {[%emt 0:02:33]} f6 {[%emt 0:00:52]} 39. h4 {[%emt 0:02:41]} Nc7 {[%emt 0:00:14]} 40. Rc5 {[%emt 0:02:00]} Ra6 {[%emt 0:00:24]} 41. f5 {[%emt 0:31:15]} gxf5 {[%emt 0:30:42]} 42. Rxf5 {[%emt 0:00:00]} 1-0